| 000 | 01063cgm a2200325 4500 | ||
|---|---|---|---|
| 001 | 11509390 | ||
| 003 | OSt | ||
| 005 | 20230621084220.0 | ||
| 007 | goub---f | ||
| 008 | 721218s1958 us 055 d fneng | ||
| 010 | _afia58003144 | ||
| 020 | _a0871873451 | ||
| 040 |
_aDLC _cDLC _dDLC |
||
| 043 | _an-us--- | ||
| 050 | 1 | 0 | _aJK1021 |
| 082 | 1 | 0 |
_a328 _bDAV |
| 100 | _cRoger H. Davidson | ||
| 245 | 0 | 0 | _aCongress and its members. |
| 261 |
_aCongressional Quarterly Inc _d1985 |
||
| 300 |
_a477p _bb&w. _c35 mm. |
||
| 440 | 0 |
_aFilmstrip on current affairs, _vOct. 1958 |
|
| 500 | _aWith discussion manual. Manual lacking in L.C. | ||
| 520 | _aDescribes the responsibilities of Congress, the lawmaking process, the issues that will face the new Congress, and the characteristic daily activity of a congressman. With captions. | ||
| 610 | 1 | 0 |
_aUnited States. _bCongress. |
| 650 | 0 |
_aLegislation _zUnited States. |
|
| 700 | _cWalter J. Oleszek | ||
| 730 | 0 | _aNew York times. | |
| 906 |
_a7 _bcbc _corignew _du _encip _f19 _gy-movingim |
||
| 942 |
_2ddc _cBK |
||
| 999 |
_c1955 _d1955 |
||